<?xml version="1.0" encoding="UTF-8"?><?xml-stylesheet type="text/xsl" href="static/style.xsl"?><OAI-PMH xmlns="http://www.openarchives.org/OAI/2.0/" xmlns:xsi="http://www.w3.org/2001/XMLSchema-instance" xsi:schemaLocation="http://www.openarchives.org/OAI/2.0/ http://www.openarchives.org/OAI/2.0/OAI-PMH.xsd"><responseDate>2026-04-17T05:22:14Z</responseDate><request verb="GetRecord" identifier="oai:www.recercat.cat:2099/13313" metadataPrefix="marc">https://recercat.cat/oai/request</request><GetRecord><record><header><identifier>oai:recercat.cat:2099/13313</identifier><datestamp>2026-01-29T01:25:50Z</datestamp><setSpec>com_2072_1033</setSpec><setSpec>col_2072_452949</setSpec></header><metadata><record xmlns="http://www.loc.gov/MARC21/slim" xmlns:dcterms="http://purl.org/dc/terms/" xmlns:xsi="http://www.w3.org/2001/XMLSchema-instance" xmlns:doc="http://www.lyncode.com/xoai" xsi:schemaLocation="http://www.loc.gov/MARC21/slim http://www.loc.gov/standards/marcxml/schema/MARC21slim.xsd">
   <leader>00925njm 22002777a 4500</leader>
   <datafield ind2=" " ind1=" " tag="042">
      <subfield code="a">dc</subfield>
   </datafield>
   <datafield ind2=" " ind1=" " tag="720">
      <subfield code="a">Chavoya Gama, Jorge Ignacio</subfield>
      <subfield code="e">author</subfield>
   </datafield>
   <datafield ind2=" " ind1=" " tag="720">
      <subfield code="a">Muñoz Macías, Humberto</subfield>
      <subfield code="e">author</subfield>
   </datafield>
   <datafield ind2=" " ind1=" " tag="720">
      <subfield code="a">Rendón Contreras, Héctor Javier</subfield>
      <subfield code="e">author</subfield>
   </datafield>
   <datafield ind2=" " ind1=" " tag="260">
      <subfield code="c">2012-10</subfield>
   </datafield>
   <datafield ind2=" " ind1=" " tag="520">
      <subfield code="a">En este articulo se analizan brevemente tres elementos que caracterizan la problemática del reposicionamiento de las ciudades en general en el escenario mundial, y en particular de las ciudades turísticas de Latinoamérica, en específico el caso de la ciudad de Puerto Vallarta, Jalisco, México. Ciudad turística de litoral.&#xd;
En la primera parte se analizan algunos instrumentos de reposicionamiento que han adoptado como estrategia algunas ciudades en el mundo. En la segunda parte se hace una aproximación a los problemas que enfrentan las ciudades al procurar revitalizar zonas céntricas deterioradas.&#xd;
En la tercera parte se analiza el caso de la ciudad de Puerto Vallarta, Jalisco, México la cual en medio de un proceso de crisis turística ha adoptado en una primera instancia la revitalización urbana del centro tradicional de la ciudad, como una estrategia de reposicionamiento que le&#xd;
permitirá recuperar su principal ventaja comparativa; la imagen de “pueblo mexicano” con la que compite a nivel internacional en el mercado turístico.  En Puerto Vallarta, el emprendimiento de esta estrategia, supone la posibilidad de iniciar una nueva etapa en el ciclo de vida de la ciudad como destino turístico maduro, es una ciudad en&#xd;
expansión con un desarrollo turístico consolidado. Sigue siendo el escenario de un crecimiento singular tanto económico como urbano en la costa occidente del país.</subfield>
   </datafield>
   <datafield ind2=" " ind1=" " tag="520">
      <subfield code="a">Peer Reviewed</subfield>
   </datafield>
   <datafield tag="653" ind2=" " ind1=" ">
      <subfield code="a">Àrees temàtiques de la UPC::Urbanisme::Aspectes socials</subfield>
   </datafield>
   <datafield tag="653" ind2=" " ind1=" ">
      <subfield code="a">Tourist trade and city planning -- Mexico -- Puerto Vallarta</subfield>
   </datafield>
   <datafield tag="653" ind2=" " ind1=" ">
      <subfield code="a">Urban renewal -- Mexico -- Puerto Vallarta</subfield>
   </datafield>
   <datafield tag="653" ind2=" " ind1=" ">
      <subfield code="a">Turisme -- Màrqueting -- Mexico -- Puerto Vallarta</subfield>
   </datafield>
   <datafield tag="653" ind2=" " ind1=" ">
      <subfield code="a">Reposicionamiento</subfield>
   </datafield>
   <datafield tag="653" ind2=" " ind1=" ">
      <subfield code="a">Competitividad</subfield>
   </datafield>
   <datafield tag="653" ind2=" " ind1=" ">
      <subfield code="a">City Marketing</subfield>
   </datafield>
   <datafield tag="653" ind2=" " ind1=" ">
      <subfield code="a">Centro Tradicional</subfield>
   </datafield>
   <datafield tag="653" ind2=" " ind1=" ">
      <subfield code="a">Turismo</subfield>
   </datafield>
   <datafield tag="653" ind2=" " ind1=" ">
      <subfield code="a">Turisme i urbanisme -- Mèxic -- Puerto Vallarta</subfield>
   </datafield>
   <datafield tag="653" ind2=" " ind1=" ">
      <subfield code="a">Rehabilitació urbana -- Mèxic -- Puerto Vallarta</subfield>
   </datafield>
   <datafield tag="653" ind2=" " ind1=" ">
      <subfield code="a">Tourism -- Marketing -- Mèxic -- Puerto Vallarta</subfield>
   </datafield>
   <datafield ind2="0" ind1="0" tag="245">
      <subfield code="a">De la tradición a la revitalización urbana, una apuesta de estrategia para el reposicionamiento turístico: el centro tradicional de Puerto Vallarta, Jal. México</subfield>
   </datafield>
</record></metadata></record></GetRecord></OAI-PMH>